French Greetings (Hello,Welcome,Goodbye..) - Statistics

General Stats
  • This quiz has been taken 149 times
  • The average score is 10 of 18
Answer Stats
Hint Answer % Correct
Good Morning Bonjour
95%
Good Evening Bonsoir
83%
Good bye Au revoir
77%
Welcome Bienvenue
72%
Hi Salut
72%
Good Night Bonne Nuit
67%
How are you? Ça va?
65%
Fine Ça va
65%
Very well Tres bien
65%
See you soon À bientot
55%
See you tomorrow À demain
50%
Alo Allo
45%
Nice too meet you Enchanté
45%
Not bad Pas mal
38%
Have a good day Bonne Journée
33%
So so Comme ci comme ça
33%
Later! À plus!
30%
How are you doing? Tu vas bien?
7%
No matching quizzes found
Score Distribution
Percent of People with Each Score
Percentile by Number Answered
Your Score History
You have not taken this quiz